00195nam a2200073Ia 4500008004100000082000800041100001200049245006000061240331s9999 xx 000 0 und d bDOI aGay,P.D 0aDoing cultural studies :bthe story of the sony walkman